Republic of Croatia : Financial System Stability Assessment; Update.

The 2002 Financial Stability Assessment Program (FSAP) found that the Croatian financial system was resilient, but vulnerabilities remain. The authorities have been proactive in addressing macroeconomic and financial vulnerabilities associated with rapid credit growth and have also taken prudential...

Descrición completa

Detalles Bibliográficos
Autor Corporativo: International Monetary Fund
Formato: Revista
Idioma:English
Publicado: Washington, D.C. : International Monetary Fund, 2008.
Series:IMF Staff Country Reports; Country Report ; No. 2008/160
Acceso en liña:Full text available on IMF
LEADER 01743cas a2200241 a 4500
001 AALejournalIMF005104
008 230101c9999 xx r poo 0 0eng d
020 |c 5.00 USD 
020 |z 9781451817485 
022 |a 1934-7685 
040 |a BD-DhAAL  |c BD-DhAAL 
110 2 |a International Monetary Fund. 
245 1 0 |a Republic of Croatia :   |b Financial System Stability Assessment; Update. 
264 1 |a Washington, D.C. :  |b International Monetary Fund,  |c 2008. 
300 |a 1 online resource (52 pages) 
490 1 |a IMF Staff Country Reports 
500 |a <strong>Off-Campus Access:</strong> No User ID or Password Required 
500 |a <strong>On-Campus Access:</strong> No User ID or Password Required 
506 |a Electronic access restricted to authorized BRAC University faculty, staff and students 
520 3 |a The 2002 Financial Stability Assessment Program (FSAP) found that the Croatian financial system was resilient, but vulnerabilities remain. The authorities have been proactive in addressing macroeconomic and financial vulnerabilities associated with rapid credit growth and have also taken prudential measures on contingency planning with supervisory authorities of foreign banks coupled with efforts to enhance risk awareness and strengthen home-host coordination. The Croatian National Bank (CNB) has put in place an effective bank supervision framework. The assessment reflected a legal and regulatory framework together with banking supervision practices of the Croatian authorities. 
538 |a Mode of access: Internet 
830 0 |a IMF Staff Country Reports; Country Report ;  |v No. 2008/160 
856 4 0 |z Full text available on IMF  |u http://elibrary.imf.org/view/journals/002/2008/160/002.2008.issue-160-en.xml  |z IMF e-Library